Study skills for students with dyslexia (Record no. 58998)

MARC details
000 -LEADER
fixed length control field 02086nam a2200277 a 4500
001 - CONTROL NUMBER
control field 16869147
008 - FIXED-LENGTH DATA ELEMENTS--GENERAL INFORMATION
fixed length control field 180924s2012 ||||||||||||||||| || u
010 ## - LIBRARY OF CONGRESS CONTROL NUMBER
LC control number 2011934287
020 ## - INTERNATIONAL STANDARD BOOK NUMBER
International Standard Book Number 9781446202869
020 ## - INTERNATIONAL STANDARD BOOK NUMBER
International Standard Book Number 1446202860 (hbk.)
020 ## - INTERNATIONAL STANDARD BOOK NUMBER
International Standard Book Number 1446202879 (pbk.)
020 ## - INTERNATIONAL STANDARD BOOK NUMBER
International Standard Book Number 9781446202876 (pbk.)
050 ## - LIBRARY OF CONGRESS CALL NUMBER
Classification number LC 4818.38 Har
100 ## - MAIN ENTRY--PERSONAL NAME
Personal name Hargreaves, Sandra
245 10 - TITLE STATEMENT
Title Study skills for students with dyslexia
Statement of responsibility, etc. edited by Sandra Hargreaves
Medium [cd-rom]
250 ## - EDITION STATEMENT
Edition statement 2nd ed.
260 ## - PUBLICATION, DISTRIBUTION, ETC.
Place of publication, distribution, etc. London :
Name of publisher, distributor, etc. SAGE Publications
Date of publication, distribution, etc. 2012
300 ## - PHYSICAL DESCRIPTION
Extent 4 3/4 in
490 ## - SERIES STATEMENT
Series statement SAGE Study Skills
500 ## - GENERAL NOTE
General note Accompanied by textbook
505 ## - FORMATTED CONTENTS NOTE
Formatted contents note Managing your workload -- Understanding your preferred learning style -- Note taking and note making -- Reading strategies and speed reading -- Answering essay questions -- Structuring different writing genres -- The dissertation -- Improving your grammar, spelling and punctuation -- Improving mathematics skills and using statistics -- Examination techniques -- Collaborative learning
520 ## - SUMMARY, ETC.
Summary, etc. Full of advice on topics such as note taking, reading strategies and exam technique, this fully revised and updated new edition will motivate, inspire and guide you through your studies. The advice and tools provided will help you plan your work, improve your skills and boost your confidence. The new edition has: - a new chapter on writing your dissertation - more on spelling - more on using statistics - more on planning and timetabling techniques - more on using technology to help you - expanded advice on preparing and giving presentations Included with the book is a CD Rom that supplies: - an electronic copy of the book - editable planners and other resources - internet links to further information, templates and additional help. This is an essential read for all dyslexic students in further and higher education.
650 #0 - SUBJECT ADDED ENTRY--TOPICAL TERM
Topical term or geographic name entry element STUDY SKILLS
650 #0 - SUBJECT ADDED ENTRY--TOPICAL TERM
Topical term or geographic name entry element DYSLEXICS--EDUCATION (HIGHER)
995 ## - RECOMMENDATION 995 [LOCAL, UNIMARC FRANCE]
-- CBU-MAIN LIBRARY (Kitwe)
-- 1
-- AVAILABLE
-- Sep 24, 2018
-- e-Media Collection
Holdings
Withdrawn status Lost status Source of classification or shelving scheme Damaged status Not for loan Home library Current library Shelving location Date acquired Total Checkouts Full call number Barcode Date last seen Price effective from Koha item type
          CBU-MAIN LIBRARY, KITWE. CBU-MAIN LIBRARY, KITWE.   11/30/2022   LC 4818.38 Har 20150234 11/30/2022 11/30/2022 MONOGRAPH